000 00640cab a2200229 4500
001 ABS57508
008 090401t1997 xxu||||| |||| 00| 0 eng d
035 _a(Sirsi) u80200
041 _aeng
100 _aLing, L.
245 _aUrban land policy in China
260 _c1997
350 _a0
490 _aValuer (ISVA)
_v66(4) July/August 1997, 14-15(2)
520 _aDescribes the state-owned land system in China which has been established since 1945. References.
650 _aCHINA
650 _aDEVELOPMENT PROCESS
650 _aLAND TENURE
690 _aOVERSEAS-REST OF THE WORLD
942 _n0
948 _c11/08/1997
999 _c50475
_d50475